| 000 | 00662 a2200253 4500 | ||
|---|---|---|---|
| 005 | 20260121101646.0 | ||
| 008 | 260120b |||||||| |||| 00| 0 eng d | ||
| 020 |
_a9781284286878 _c$148.95 |
||
| 040 | _aMAIN | ||
| 082 |
_a612.8 _bB38N |
||
| 100 | _aBear, Mark F | ||
| 245 | _aNeuroscience: Exploring the brain | ||
| 250 | _a5th | ||
| 260 |
_b Jones and Bartlett _c2026 _aBurlington |
||
| 300 | _axliv, 1060 | ||
| 650 | _aMedicine | ||
| 650 | _aHealth Science | ||
| 650 | _aHuman Physiology | ||
| 650 | _aNeurophysiology | ||
| 650 | _aNervous System | ||
| 700 | _aConnors, Barry W | ||
| 700 | _aParadiso, Michael A | ||
| 942 | _cBK | ||
| 999 |
_c394804 _d394804 |
||